000 00352pab a2200145 454500
008 180718b1998 xxu||||| |||| 00| 0 eng d
100 _aHyderabad, R.L.
245 _aFactoring: cost benefit analysis
260 _c1998
300 _ap.184-87
362 _aMar
650 _aCost benefit analysis
773 _aManagement Accountant
909 _a37004
999 _c37004
_d37004